000
00254 a2200085 4500
020
_a
9788090762831
100
_a
David Drazil
245
_a
Sketch Like an Architect: Advanced Techniques in Architectural Sketching: 2
260
_b
Sketch Like an Architect
_c
2021
999
_c
13489
_d
13489